Composición de la comunidad de escarabajos coprófagos (Scarabaeinae) en un paisaje agropecuario del municipio de Filandia, Quindío (Registro nro. 4128)

Detalles MARC
000 -CABECERA
Campo de control 00733nam a2200217 a 4500
005 - FECHA Y HORA DE LA ULTIMA TRANSACCION
Campo de control 20180212143831.0
008 - ELEMENTOS DE LONGITUD FIJA—INFORMACION GENERAL
Campo de control 140314b2004 ck ||||| |||| 00| 0 spa d
040 ## - FUENTE DE CATALOGACIÓN
Agencia catalogadora original CO-BoIAVH
Agencia transcriptora CO-BoIAVH
041 ## - IDIOMA
Código de idioma para texto/pista de sonido o título separado Español
044 ## - PAÍS DE PUBLICACIÓN
País de publicación Colombia
090 ## - CLASIFICACIÓN LOCAL
Colección LB
Consecutivo 03828
100 ## - ASIENTO PRINCIPAL--NOMBRE PERSONAL
Nombre personal Garzón Vardona, Angela María
9 (RLIN) 21529
245 ## - MENCION DE TITULO
Título Composición de la comunidad de escarabajos coprófagos (Scarabaeinae) en un paisaje agropecuario del municipio de Filandia, Quindío
260 ## - PUBLICACION, DISTRIBUCION, ETC. (PIE DE IMPRENTA)
Lugar de publicación, distribución, etc. Armenia
Nombre del editor, distribuidor, etc. Universidad del Quindío
Fecha de publicación, distribución, etc. 2004
300 ## - DESCRIPCION FISICA
Extensión 59 p.
700 ## - ASIENTO SECUNDARIO - NOMBRE PERSONAL
Nombre personal Galeano Morales, Julian
9 (RLIN) 21530
700 ## - ASIENTO SECUNDARIO - NOMBRE PERSONAL
Nombre personal Vélez Medina, Santiago
9 (RLIN) 21531
856 ## - LOCALIZACION Y ACCESO ELECTRONICOS
Identificador Uniforme del Recurso http://bdigital.uniquindio.edu.co/handle/001/3000
942 ## - ELEMENTOS ADICIONALES (KOHA)
Tipo de ítem Informe Técnico
Sistema de clasificación Local
945 ## - PROCESAMIENTO LOCAL
AAAA-MM-DD - Fecha de ingreso o modificacion 2004-08-25
Existencias
Withdrawn status Lost status Sistema de Clasificación Damaged status No para préstamo Colección Ubicación Permanente Ubicación actual Fecha de adquisición Fuente de adquisición Total Checkouts Número topográfico Inventario / Código de Barras Date last seen Ejemplar URL del Volumen Price effective from Forma de adquisición Tipo de material
    Local     Entomología Villa de Leyva Villa de Leyva 25/08/2004 Lozano, Fabio   LB-03828 016588 04/12/2012 Ej. 1 http://bdigital.uniquindio.edu.co/handle/001/3000 04/12/2012 Donación Informe Técnico